Score 0/18 Timer 04:00
0 Plays Today
Scrambled fruit Unscrambled fruit % Correct
UPMLPlum
94.5%
NNAABABanana
93.6%
PREGAGrape
92.4%
HECPAPeach
90.9%
UVAGAGuava
90.3%
AAAPPYPapaya
86.9%
REBYLBUREBlueberry
82.1%
ORELWETMANWatermelon
78.2%
NALPEPEIPPineapple
76.3%
Scrambled fruit Unscrambled fruit % Correct
GROANEOrange
73.3%
EQUCINQuince
59.4%
NOTRICCitron
58.4%
HYLECELychee
41.9%
NAPALINTPlantain
31.5%
TLEEECNNIMClementine
28.7%
LANTOGETangelo
24.7%
VAAASCSCassava
21.4%
ENENCRATINectarine
21.1%
Remove Ads.
Support Sporcle.
Get the best of Sporcle when you Go Orange. This ad-free experience offers more features, more stats, and more fun while also helping to support Sporcle. Thank you for becoming a member.

You're not logged in!

Compare scores with friends on all Sporcle quizzes.
OR
Log In

Show Comments

Extras

Top Quizzes Today


Score Distribution

Your Account Isn't Verified!

In order to create a playlist on Sporcle, you need to verify the email address you used during registration. Go to your Sporcle Settings to finish the process.

Report this User

Report this user for behavior that violates our Community Guidelines.

Details: